Loading...

Committes and commissions in India 1947-1973, Vol.8: 1967

Bibliographic Details
Main Author: Virendra Kumar
Format: Printed Book
Published: New Delhi Concept Publishing Co. 1979
Subjects:
LEADER 00526nam a2200157 4500
082 |a R 328.365 VIR-C.8 
100 |a Virendra Kumar 
245 |a Committes and commissions in India 1947-1973, Vol.8: 1967 
250
260 |a New Delhi  |b Concept Publishing Co.  |c 1979 
300
490
650 |a Committies & Commissions-- Legislative bodies 
942 |c BK 
999 |c 227632  |d 227632 
952 |0 0  |1 0  |4 0  |6 R_328_365000000000000_VIRC_8  |7 0  |9 241764  |a SDE  |b SDE  |d 2019-12-12  |l 0  |o R 328.365 VIR-C.8  |p SDE6980  |r 2019-12-12  |w 2019-12-12  |y BK